| 000 | 00696nam a2200121Ia 4500 | ||
|---|---|---|---|
| 008 | 220620s9999||||xx |||||||||||||| ||und|| | ||
| 245 | 0 |
_aEvidence-based Positron Emission Tomography _bSummary of Recent Meta-analyses on PET |
|
| 546 | _aEnglish[eng] | ||
| 650 | _aNuclear Medicine||Diagnostic Radiology||Oncology||Cardiology||Neurology||Endocrinology||Radiology||Internal Medicine||Open Access||Meta-analysis||Diagnosis||Tumor||Infection||Nuclear medicine||Cardiovascular medicine||Neurology & clinical neurophysiology | ||
| 700 | _aTreglia, Giorgio||Giovanella, Luca | ||
| 856 | _uhttps://library.oapen.org/bitstream/20.500.12657/39988/1/2020_Book_Evidence-basedPositronEmission.pdf | ||
| 942 | _cEB | ||
| 999 |
_c27303 _d27303 |
||